00374nam a2200109Ia 4500008004100000100001600041245009000057245003300147260000900180650001300189856006200202170221s9999 xx 000 0 und d aMark Wilson aInformation Asymmetry and Dual Distribution in Franchise Networks (pages 1121–1153) cMark Wilson and Greg Shailer c2013 xBusiness uhttp://onlinelibrary.wiley.com/doi/10.1111/jbfa.12161/pdf